2021-2022 Super League Greece Teams - Statistics

General Stats
  • This quiz has been taken 21 times
  • The average score is 8 of 14
Answer Stats
Hint Answer % Correct
12 Championships AEK
100%
3 Championships PAOK
95%
46 Championships Olympiakos
89%
20 Championships Panathinaikos
89%
3 Championships Aris
84%
0 Championships Atromitos
42%
0 Championships Lamia
42%
0 Championships OFI
42%
0 Championships Panaitolikos
42%
0 Championships PAS Giannina
42%
0 Championships Volos
42%
0 Championships Asteras Tripolis
37%
0 Championships Ionikos
26%
0 Championships Apollon Smyrna
0%
No matching quizzes found
Score Distribution
Percent of People with Each Score
Percentile by Number Answered
Your Score History
You have not taken this quiz